000 00698nam a2200193Ia 4500
008 151119s9999||||xx |||||||||||||| ||und||
082 _a823.91
082 _bGKKV32725
100 _aआर्चर जेफ्री
245 _aअन्ड देअरबाय हँग्ज अ टेल
260 _aपुणे
260 _bमेहता पब्लीशिग हाउस
260 _c2013
600 _aआर्चर जेफ्री
630 _aअन्ड देअरबाय हँग्ज अ टेल
700 _aआर्चर जेफ्री
730 _aअन्ड देअरबाय हँग्ज अ टेल
942 _cBOOK
999 _c1085026
_d1085023